书目信息 |
| 题名: |
大庆
|
|
| 作者: | ;大庆革命委员会 编 | |
| 分册: | ||
| 出版信息: | 上海 上海人民出版社 1974 |
|
| 页数: | 1册 | |
| 开本: | 22cm | |
| 丛书名: | ||
| 单 册: | ||
| 中图分类: | J421.35 | |
| 科图分类: | ||
| 主题词: | 摄影艺术--中国 | |
| 电子资源: | ||
| ISBN: | ||
| 000 | 00549nam0 2200193 450 | |
| 001 | 0654422687 | |
| 005 | 20060811150857.76 | |
| 010 | @dCNY15.00 | |
| 100 | @a20060811d1974 km y0chiy0120 ea | |
| 101 | 0 | @achi |
| 102 | @aCN@b310000 | |
| 200 | 1 | @a大庆@Ada qing@f大庆革命委员会编@Fda qing ge ming wei yuan hui bian |
| 210 | @a上海@c上海人民出版社@d1974 | |
| 215 | @a1册@d22cm | |
| 606 | 0 | @a摄影艺术@x中国 |
| 690 | @aJ421.35@v3 | |
| 711 | 0 | @a大庆革命委员会@Ada qing ge ming wei yuan hui@4编 |
| 801 | 0 | @aCN@bPFT@c20060811 |
| 905 | @a10447@dJ421.35@e182 | |
| 大庆/大庆革命委员会编.-上海:上海人民出版社,1974 |
| 1册;22cm |
| ISBN :CNY15.00 |
| ● |
| 相关链接 |
|
|
|
|
正题名:大庆
索取号:J421.35/182
 
预约/预借
| 序号 | 登录号 | 条形码 | 馆藏地/架位号 | 状态 | 备注 |
| 1 | 0455570 | 204555702 | 密集书库/ [索取号:J421.35/182] | 在馆 | |
| 2 | 0455571 | 204555711 | 密集书库/ [索取号:J421.35/182] | 在馆 |